000 00466nam a2200205Ia 4500
005 20250425162124.0
008 250425s9999 xx 000 0 und d
020 _a9701037863
041 _aspa
082 _a791.457
100 _aBORDWELL, DAVID
245 0 _aARTE CINEMATOGRAFICO
250 _a6A ED.
260 _aMEXICO
260 _aMéxico
_bMCGRAW HILL
_c2003
300 _a467
650 _aARTE CINEMATOGRAFICO
942 _c01
010 _a51229
999 _c222759
_d222759